|
|
|
|
| LEADER |
00000nam0a2200000 4500 |
| 001 |
183015 |
| 005 |
20231101223731.0 |
| 010 |
|
|
|a 9785769557866
|
| 035 |
|
|
|a (RuTPU)RU\TPU\book\198392
|
| 035 |
|
|
|a RU\TPU\book\124584
|
| 090 |
|
|
|a 183015
|
| 100 |
|
|
|a 20070504d2010 m y0rusy50 ca
|
| 101 |
0 |
|
|a rus
|
| 102 |
|
|
|a RU
|
| 105 |
|
|
|a a j 001zy
|
| 200 |
1 |
|
|a Геоэкология и природопользование
|e учебное пособие
|f Н. Г. Комарова
|
| 205 |
|
|
|a 4-е изд., перераб. и доп.
|
| 210 |
|
|
|a Москва
|c Академия
|d 2010
|
| 215 |
|
|
|a 256 с.
|c ил.
|
| 225 |
1 |
|
|a Высшее профессиональное образование. Естественные науки
|
| 320 |
|
|
|a Библиогр.: с. 250-252.
|
| 320 |
|
|
|a Словарь терминов: с. 209-225.
|
| 330 |
|
|
|a В пособии изложены основы геоэкологии с позиций современных представлений о взаимосвязанности природных и социально-экономических факторов, рассмотрены глобальные проблемы (демографическая, продовольственная, ресурсная и др.), экологические аспекты функционирования горнодобывающей и перерабатывающей отраслей промышленности, энергетики и транспорта, водопользования, лесного и сельского хозяйства, рекреационного природопользования. Настоящее издание (3-е изд. — 2008 г.) дополнено данными о глобальном экологическом кризисе современности и его проявлениях на планете и в России, экологическом мониторинге, опасных природнотехногенных процессах и экологических ситуациях в России, справочным материалом по охраняемым природным территориям и международному сотрудничеству в области охраны окружающей среды. Для студентов высшего педагогического профессионального образования.
|
| 451 |
|
1 |
|0 (RuTPU)RU\TPU\book\124584
|y 978-5-7695-3655-7
|t Геоэкология и природопользование
|o учебное пособие
|f Н. Г. Комарова
|e 2-е изд., стер.
|c М.
|n Академия
|d 2007
|p 191 с.
|s Высшее профессиональное образование. Естественные науки
|a Комарова, Нина Георгиевна
|
| 606 |
1 |
|
|a Геоэкология
|2 stltpush
|3 (RuTPU)RU\TPU\subj\6313
|9 34236
|
| 606 |
1 |
|
|a Природопользование в целом
|2 stltpush
|3 (RuTPU)RU\TPU\subj\38978
|9 59222
|
| 610 |
1 |
|
|a природные ресурсы
|
| 610 |
1 |
|
|a природа
|
| 610 |
1 |
|
|a человек
|
| 610 |
1 |
|
|a экология
|
| 610 |
1 |
|
|a урбанизация
|
| 610 |
1 |
|
|a промышленное производство
|
| 610 |
1 |
|
|a сельскохозяйственное производство
|
| 610 |
1 |
|
|a лесопользование
|
| 610 |
1 |
|
|a водное хозяйство
|
| 610 |
1 |
|
|a транспорт
|
| 610 |
1 |
|
|a биологическое разнообразие
|
| 610 |
1 |
|
|a флора
|
| 610 |
1 |
|
|a фауна
|
| 610 |
1 |
|
|a учебные пособия
|
| 675 |
|
|
|a 55:502.4(075.8)
|v 3
|
| 675 |
|
|
|a 504.062(075.8)
|v 3
|
| 700 |
|
1 |
|a Комарова
|b Н . Г.
|g Нина Георгиевна
|
| 801 |
|
1 |
|a RU
|b 63413507
|c 20100630
|
| 801 |
|
2 |
|a RU
|b 63413507
|c 20150522
|g RCR
|
| 900 |
|
|
|a Геоэкология
|
| 900 |
|
|
|a Природопользование
|
| 942 |
|
|
|c BK
|
| 951 |
|
|
|b 050103
|
| 959 |
|
|
|a 47/20100630
|d 2
|e 303,60
|f АНЛ:1
|f ЧЗТЛ:1
|